Wokaliści rockowi - zdjęcia. - Statystyki

Ogólne statystyki
  • Ten quiz został rozwiązany 118 razy
  • Średni wynik to 6 z 16
Statystyki odpowiedzi
Obrazkowy Odpowiedź % Poprawnych
John Lennon
95%
Freddie Mercury
89%
David Bowie
82%
Mick Jagger
77%
Jim Morrison
67%
Steven Tyler
48%
Robert Plant
46%
Ozzy Osbourne
34%
Mark Knopfler
24%
Roger Waters
21%
Peter Gabriel
19%
Ian Gillan
9%
Greg Lake
4%
Jon Anderson
4%
John Wetton
2%
Roger Hodgson
1%
Nie znaleziono quizów pasujących do podanych kryteriów
Rozkład punktacji
Procent ludzi z każdym wynikiem
Percentyl według liczby udzielonych odpowiedzi
Twoja historia wyników
Nie rozwiązałeś tego quizu